Deleitar aprovechando / (Record no. 180317)
[ view plain ]
| 000 -LEADER | |
|---|---|
| campo de control de longitud fija | 00854nam a2200253 i 4500 |
| 001 - NÚMERO DE CONTROL | |
| campo de control | 180317 |
| 003 - IDENTIFICADOR DE NÚMERO DE CONTROL | |
| campo de control | ES-MaACL |
| 005 - FECHA Y HORA DE LA ÚLTIMA TRANSACCIÓN | |
| campo de control | 20240529101716.0 |
| 008 - DATOS DE LONGITUD FIJA--INFORMACIÓN GENERAL | |
| campo de control de longitud fija | 120528s1994 sp | |||| ||spa d |
| 020 ## - NÚMERO INTERNACIONAL ESTÁNDAR DEL LIBRO | |
| Número Internacional Estándar del Libro | 84-7506-413-2 |
| 080 ## - NÚMERO DE LA CLASIFICACIÓN DECIMAL UNIVERSAL | |
| Número de la Clasificación Decimal Universal | 821.134.2-22"16" |
| 100 1# - ENTRADA PRINCIPAL--NOMBRE DE PERSONA | |
| Nombre de persona | Molina, Tirso de, |
| Fechas asociadas al nombre | 1579-1648 |
| 9 (RLIN) | 226522 |
| 245 10 - MENCIÓN DEL TÍTULO | |
| Título | Deleitar aprovechando / |
| Mención de responsabilidad, etc. | Tirso de Molina ; [edición y prólogo de Pilar Palomo e Isabel Prieto]. |
| 260 ## - PUBLICACIÓN, DISTRIBUCIÓN, ETC. | |
| Lugar de publicación, distribución, etc. | Madrid : |
| Nombre del editor, distribuidor, etc. | Turner, |
| Fecha de publicación, distribución, etc. | [1994] |
| 300 ## - DESCRIPCIÓN FÍSICA | |
| Extensión | XXV, 950 p. ; |
| Dimensiones | 23 cm. |
| 490 1# - MENCIÓN DE SERIE | |
| Mención de serie | Biblioteca Castro |
| 490 1# - MENCIÓN DE SERIE | |
| Mención de serie | Obras completas de Tirso de Molina ; |
| Designación de volumen o secuencia | 2 |
| 700 1# - ENTRADA AGREGADA--NOMBRE PERSONAL | |
| Nombre de persona | Palomo, María del Pilar, |
| Fechas asociadas al nombre | 1933- |
| 9 (RLIN) | 144616 |
| 700 1# - ENTRADA AGREGADA--NOMBRE PERSONAL | |
| Nombre de persona | Prieto, Isabel. |
| 9 (RLIN) | 150141 |
| 830 0# - PUNTO DE ACCESO ADICIONAL DE SERIE-TÍTULO UNIFORME | |
| Título uniforme | Biblioteca Castro |
| 9 (RLIN) | 178957 |
| 830 0# - PUNTO DE ACCESO ADICIONAL DE SERIE-TÍTULO UNIFORME | |
| Título uniforme | Obras completas de Tirso de Molina ; |
| Designación de volumen o secuencia | 2 |
| 9 (RLIN) | 191247 |
| 852 ## - LOCALIZACIÓN | |
| Ubicación | ES-MaACL |
| Número de control de estantería | L-29897 |
| Estatus retirado | Estado de pérdida | Estado de daño | No para préstamo | Biblioteca de origen | Biblioteca actual | Ubicación en estantería | Fecha de adquisición | Fuente de adquisición | Total de préstamos | Signatura topográfica completa | Código de barras | Visto por última vez | Precio de reemplazo | Tipo de ítem Koha |
|---|---|---|---|---|---|---|---|---|---|---|---|---|---|---|
| Biblioteca del Ateneo de Madrid | Biblioteca del Ateneo de Madrid | Depósito 2 | 28/05/2012 | L-29897 | 1189472 | 23/02/2023 | 23/02/2023 | Libro impreso |
